| 000 | 00643cam a22002411 4500 | ||
|---|---|---|---|
| 001 | 20781 | ||
| 003 | BD-RjUL | ||
| 005 | 20211209000618.0 | ||
| 008 | 140302s1949 enkcf 000 0aeng | ||
| 035 | _a(BD-RjUL)20843 | ||
| 035 | _a(OCoLC)2230680 | ||
| 040 |
_aDLC _cFMFIU _dOCoLC _dDLC _dBD-RjUL _beng |
||
| 041 | _aeng | ||
| 082 |
_a928.2 _bSHS |
||
| 100 | 1 |
_aShaw, Bernard, _d1856-1950. _964175 |
|
| 245 | 1 | 0 | _aSixteen self sketches / |
| 260 |
_aLondon : _bConstable, _c1949. |
||
| 300 |
_ax, 133 p. : _bplates, ports. ; _c21 cm. |
||
| 650 |
_aSketches _964176 |
||
| 942 |
_2ddc _cBK |
||
| 999 |
_c20781 _d20781 |
||